|
|
|
|
| LEADER |
00000nam a2200000 a 4500 |
| 001 |
vtls001486516 |
| 003 |
SK-MaSNL |
| 005 |
20260302073745.0 |
| 008 |
240226s2004 xo dl d p 010 0 slo |
| 015 |
|
|
|a SNBA2005/10-03845
|
| 020 |
|
|
|a 802272131X
|q (brož.)
|
| 035 |
|
|
|a SNK000441809
|
| 035 |
|
|
|a urn:nbn:sk:snk-amlsbh
|
| 035 |
|
|
|a urn:nbn:sk:snk-am00c9sb
|
| 035 |
|
|
|a 5583C283-ECDD-411F-8031-29E01BD62239
|
| 040 |
|
|
|a SNK
|b slo
|c SNK
|e AACR2
|
| 041 |
0 |
|
|a slo
|
| 044 |
|
|
|a xo
|c SK
|
| 072 |
|
7 |
|a 629
|x Dopravné prostriedky
|2 konspekt
|
| 072 |
|
7 |
|a 621.38
|x Elektronika
|2 konspekt
|
| 080 |
|
|
|a 621.38
|2 MDT-MRF
|
| 080 |
|
|
|a 621.43.04
|2 MDT-MRF
|
| 080 |
|
|
|a (075.8)
|2 MDT-MRF
|
| 080 |
|
|
|a 629
|2 MDT-MRF
|
| 100 |
1 |
|
|a Vlnka, Ján,
|d 1953-
|4 aut
|9 190552
|
| 245 |
1 |
0 |
|a Elektronika dopravných prostriedkov
|b prednášky pre poslucháčov STU-SjF
|c Ján Vlnka, Milan Hanajík, Miroslav Kamenský
|
| 250 |
|
|
|a 1. vyd.
|
| 260 |
|
|
|a V Bratislave
|b Slovenská technická univerzita
|c 2004
|
| 300 |
|
|
|a 61 s.
|b sch.
|c 29 cm
|
| 504 |
|
|
|a Bibliogr. s. 61
|
| 506 |
|
|
|a 100 výtl.
|
| 650 |
0 |
7 |
|a elektronika
|2 SNKPH
|9 3618
|
| 650 |
0 |
7 |
|a elektronické systémy
|2 SNKPH
|9 69385
|
| 650 |
0 |
7 |
|a dopravné prostriedky
|2 SNKPH
|9 66633
|
| 655 |
|
7 |
|a učebnice vysokých škôl
|2 SNKPH
|9 70191
|
| 700 |
1 |
|
|a Hanajík, Milan
|4 aut
|9 9981
|
| 700 |
1 |
|
|a Kamenský, Miroslav,
|d 1977-
|4 aut
|9 210378
|
| 752 |
|
|
|a Slovensko
|d Bratislava
|
| 919 |
|
|
|a 80-227-2131-X
|
| 958 |
|
|
|a OND
|
| 968 |
|
|
|d 62
|
| 999 |
|
|
|c 1162224
|d 1164154
|
| 952 |
|
|
|t P60, <03>, [BOOK], {603}, -K-
|a SNK
|b SNK
|y PREZ
|7 0
|p 17A0453425
|o snkSB 69665
|i snkKSP 15315/2004
|0 0
|1 0
|4 0
|d 2004-12-02
|f 1
|l 0
|r 2025-04-23 00:00:00
|w 2026-02-24
|
| 952 |
|
|
|t P60, <04>, [BOOK], {604}, -W-
|a SNK
|b SNK
|y VYP
|7 0
|p 17A0453426
|o snkSB 69665 D1
|i snkKSP 15316/2004
|0 0
|1 0
|4 0
|d 2004-12-02
|l 0
|r 2005-01-02 00:00:00
|w 2026-02-24
|